Introduction to operations research /

Bibliographic Details
Main Author: Hillier, Frederick S.
Other Authors: Lieberman, Gerald J.
Format: Book
Language:English
Published: Oakland, Calif. : Holden-Day, [1986]
Edition:4th ed.
Subjects:

MARC

Tag First Indicator Second Indicator Subfields
LEADER 00000cam a2200000 a 4500
001 in00000016955
005 20151007053337.0
008 860227s1986 caua 00110 eng
010 |a  86080560  
020 |a 0816238715 
035 |a (OCoLC)13960243 
035 |9 AAB1295AM 
040 |a DLC  |c DLC  |d m/c  |d TXA  |d UtOrBLW 
049 |a TXAM  |c [A11080769] 
050 0 0 |a T57.6  |b .H54 1986 
082 0 |a 001.4/24  |2 19 
100 1 |a Hillier, Frederick S. 
245 1 0 |a Introduction to operations research /  |c Frederick S. Hillier, Gerald J. Lieberman. 
250 |a 4th ed. 
264 1 |a Oakland, Calif. :  |b Holden-Day,  |c [1986] 
264 4 |c ©1986 
300 |a xviii, 888 pages :  |b illustrations ;  |c 25 cm. 
336 |a text  |b txt  |2 rdacontent 
337 |a unmediated  |b n  |2 rdamedia 
338 |a volume  |b nc  |2 rdacarrier 
500 |a Includes index. 
650 0 |a Operations research. 
700 1 |a Lieberman, Gerald J. 
999 |a MARS 
999 f f |s e54b0e60-6af0-3443-b114-94356d01b701  |i 7360acef-f289-323d-8ec8-f35d498cddee  |t 0 
952 f f |p ric  |a Texas A&M University  |b Rellis Campus  |c Joint Library Facility  |d Remote Storage  |t 0  |e T57.6 H54 1986  |h Library of Congress classification  |i unmediated -- volume  |m A14811080769 
998 f f |a T57.6 H54 1986  |t 0  |l Remote Storage